| 000 | 00749nam a22002417a 4500 | ||
|---|---|---|---|
| 003 | UA-OsUOA | ||
| 001 | 43368 | ||
| 007 | ta | ||
| 008 | 20061221b un ||||| |||| 00| 0 ukr d | ||
| 100 | _aГандельман В.А. | ||
| 090 |
_a32=112.2(038) _bГ19 |
||
| 942 | _cBK | ||
| 040 |
_aUA-OsUOA _brus _cUA-OsUOA _dUA-OsUOA |
||
| 245 |
_aАкутальная общественно-политическая лексика. Немецко-русский словарь-справочник _bУчебное пособие |
||
| 300 | _a112 с. | ||
| 955 | _a2 | ||
| 041 | _arus | ||
| 080 | _a32=112.2(038) | ||
| 020 | _a5-06-000810-Х | ||
| 260 |
_aМ. _bВысшая школа _c1991 |
||
| 650 | 7 |
_a32 Політика _2UDC |
|
| 999 |
_c329498 _d329498 |
||